书目信息 |
| 题名: |
VMware vSphere企业级网络和存储实战
|
|
| 作者: | 何坤源 著 | |
| 分册: | ||
| 出版信息: | 北京 人民邮电出版社 2017.12 |
|
| 页数: | 492页 | |
| 开本: | 26cm | |
| 丛书名: | ||
| 单 册: | ||
| 中图分类: | TP338 , TP317 | |
| 科图分类: | ||
| 主题词: | 虚拟处理机 , 软件 | |
| 电子资源: | ||
| ISBN: | 978-7-115-47059-1 | |
| 000 | 00945nam0 2200241 450 | |
| 001 | 4372 | |
| 005 | 20181011110431.33 | |
| 010 | @a978-7-115-47059-1@dCNY108.00 | |
| 100 | @a20180315d2017 em y0chiy50 ea | |
| 101 | 0 | @achi |
| 102 | @aCN@b110000 | |
| 105 | @ay z 000yy | |
| 200 | 1 | @aVMware vSphere企业级网络和存储实战@9VMware vSphere qi ye ji wang luo he cun chu shi zhan@f何坤源著 |
| 210 | @a北京@c人民邮电出版社@d2017.12 | |
| 215 | @a492页@d26cm | |
| 330 | @a本书针对VMware vSphere虚拟化架构在生产环境中的实际需求,分9章介绍了如何在企业级虚拟化环境中对网络和存储进行安装、配置、管理、维护。全书以实战操作为主,理论讲解为辅,通过搭建各种物理环境,介绍了在企业生产环境中常用的CiscoNexus系列设备、DELL MD存储和VMware Virtual SAN如何快速部署。 | |
| 606 | 0 | @a虚拟处理机 |
| 606 | 0 | @a软件 |
| 690 | @aTP338@v5 | |
| 690 | @aTP317@v4 | |
| 701 | 0 | @a何坤源@9he kun yuan@4著 |
| 801 | 0 | @aCN@b91MARC@c20180315 |
| 905 | @aMuseLib@dTP317@e430 | |
| VMware vSphere企业级网络和存储实战/何坤源著.-北京:人民邮电出版社,2017.12 |
| 492页;26cm |
| ISBN 978-7-115-47059-1:CNY108.00 |
| 本书针对VMware vSphere虚拟化架构在生产环境中的实际需求,分9章介绍了如何在企业级虚拟化环境中对网络和存储进行安装、配置、管理、维护。全书以实战操作为主,理论讲解为辅,通过搭建各种物理环境,介绍了在企业生产环境中常用的CiscoNexus系列设备、DELL MD存储和VMware Virtual SAN如何快速部署。 |
| ● |
| 相关链接 |
|
|
|
|
正题名:VMware vSphere企业级网络和存储实战
索取号:TP317/430
 
预约/预借
| 序号 | 登录号 | 条形码 | 馆藏地/架位号 | 状态 | 备注 |
| 1 | 1124849 | 211248498 | 第二样本阅览室/ [索取号:TP317/430] | 在馆 | |
| 2 | 1124850 | 211248504 | 第三借阅区/ [索取号:TP317/430] | 在馆 | |
| 3 | 1124851 | 211248513 | 第三借阅区/ [索取号:TP317/430] | 在馆 | |
| 4 | 1124852 | 211248522 | 第三借阅区/ [索取号:TP317/430] | 在馆 |